Rachunek wyników i jego funkcjonowanie w podmiocie gospodarczym

Gespeichert in:
Bibliographische Detailangaben
1. Verfasser: Kardasz, Andrzej
Format: Buch
Sprache:Polnisch
Deutsch
Veröffentlicht: Wroclaw Wydawnictwo Akademii Ekonomicznej we Wroclawiu 1992
Ausgabe:1. wyd.
Schriftenreihe:Prace naukowe
Schlagworte:
Tags: Tag hinzufügen
Keine Tags, Fügen Sie das erste Tag hinzu!

MARC

LEADER 00000nam a2200000 4500
001 c021686
005 20240419082908.6
020 |a 83-7011-089-4 
041 0 |a pol 
041 0 |a ger 
044 |a PL 
245 1 0 |a Rachunek wyników i jego funkcjonowanie w podmiocie gospodarczym  |c Andrzej Kardasz 
250 |a 1. wyd. 
264 1 |a Wroclaw  |b Wydawnictwo Akademii Ekonomicznej we Wroclawiu  |c 1992 
300 |a 135 s. 
490 1 |a Prace naukowe 
830 0 |a Prace naukowe 
610 2 0 |a výnosy podnikové 
610 2 0 |a účtovníctvo 
610 2 0 |a evidencia účtovná 
610 2 0 |a výkazy účtovné konsolidované 
610 2 0 |a výkazy účtovné 
610 2 0 |a výsledok hospodársky 
610 2 0 |a výsledovka 
610 2 0 |a výnosy 
610 2 0 |a zisk 
610 2 0 |a rozvoj podniku 
610 2 0 |a plánovanie 
610 2 0 |a Poľsko 
100 1 |a Kardasz, Andrzej